Statistics for General Culture- 9- Celebrity

Click here to take the quiz!

General Stats

  • This quiz has been taken 112 times
  • The average score is 4 of 10

Answer Stats

QuestionAnswer% Correct
Which singer was known amongst other things as 'The King of Pop'?Michael Jackson
96%
Which footballer has the most Instagram followers in the world - as of 2020?Cristiano Ronaldo
76%
What is the name of Kim Kardashian's eldest child?North West
55%
American singer Stefani Joanne Angelina Germanotta is best known by which stagename?Lady Gaga
49%
Tom Cruise is an outspoken member of which religion?Scientology
46%
Which English supermodel was born is Streatham in May 1970?Naomi Campbell
26%
Taylor Swift grew up on what type of farm?Christmas Tree Farm
12%
Who was the winner of the first ever UK series of ‘I’m A Celebrity… Get Me Out Of Here!’?Tony Blackburn
6%
Who is Dolly Parton married to?Carl Dean
2%
What is Cher's last name?Sarkisian - full name Cherilyn Sarkisian
1%

Score Distribution

Percentile by Number Answered

Percent of People with Each Score

Your Score History

You have not taken this quiz